Click Counties Of Ireland On A Map - Statistics

General Stats
  • This quiz has been taken 105 times
  • The average score is 19 of 32
Answers on the Map
Answers color-coded by a green-red scale on the quiz's map according to % correct below.
 
Answer Stats
Answer % Correct
Cork
82%
Donegal
79%
Dublin
79%
Kerry
74%
Wexford
72%
Derry /
Londonderry
69%
Waterford
67%
Antrim
64%
Galway
62%
Mayo
62%
Sligo
62%
Westmeath
62%
Wicklow
62%
Clare
59%
Down
59%
Limerick
59%
Louth
59%
Meath
59%
Tyrone
59%
Monaghan
56%
Tipperary
56%
Kilkenny
54%
Armagh
51%
Carlow
51%
Laois
51%
Leitrim
51%
Fermanagh
46%
Roscommon
46%
Kildare
44%
Longford
44%
Cavan
41%
Offaly
41%
No matching quizzes found
Score Distribution
Percent of People with Each Score
Percentile by Number Answered
Your Score History
You have not taken this quiz